000 00478cam a22001337a 4500
008 180718b2001 xxu||||| |||| 00| 0 eng d
100 _aGalasso, Emanuela
245 _aAssisting the transition from workfare to work: a randomized experiment
_cby Emanuela Galasso, Martin Ravallion and Agustin Salvia
260 _aWashington, D.C.
_bWorld Bank
_c2001
300 _a26p.
440 _aPolicy research working paper 2738
700 _aSalvia, Agustin
700 _aRavallion, Martin
999 _c287359
_d287359